Human anatomy (Lower limb- abdomen & pelvis) (Record no. 18198)
[ view plain ]
| 000 -LEADER | |
|---|---|
| fixed length control field | 00247nam a2200097Ia 4500 |
| 008 - FIXED-LENGTH DATA ELEMENTS--GENERAL INFORMATION | |
| fixed length control field | 170619s9999 xx 000 0 und d |
| 100 ## - MAIN ENTRY--PERSONAL NAME | |
| Personal name | Chauhan- D S |
| 245 #0 - TITLE STATEMENT | |
| Title | Human anatomy (Lower limb- abdomen & pelvis) |
| 260 ## - PUBLICATION, DISTRIBUTION, ETC. | |
| Name of publisher, distributor, etc. | New Delhi: C B S |
| 260 ## - PUBLICATION, DISTRIBUTION, ETC. | |
| Date of publication, distribution, etc. | 2006 |
| 546 ## - LANGUAGE NOTE | |
| Language note | ENGLISH |
| Withdrawn status | Lost status | Source of classification or shelving scheme | Damaged status | Not for loan | Home library | Current library | Date acquired | Source of acquisition | Total Checkouts | Barcode | Date last seen | Price effective from | Koha item type | Public note |
|---|---|---|---|---|---|---|---|---|---|---|---|---|---|---|
| IIMT Engineering College-BTech | IIMT Engineering College-BTech | 09/12/2006 | 1 | 06-B-15205 | 07/03/2017 | 07/03/2017 | Text-Book- for 7 days | crptography transfer centerlib | ||||||
| IIMT Engineering College-BTech | IIMT Engineering College-BTech | 09/12/2006 | 1 | 06-B-15206 | 07/03/2017 | 07/03/2017 | Text-Book- for 7 days | crptography transfer centerlib | ||||||
| IIMT Engineering College-BTech | IIMT Engineering College-BTech | 09/12/2006 | 1 | 06-B-15207 | 07/03/2017 | 07/03/2017 | Text-Book- for 7 days | crptography transfer centerlib | ||||||
| IIMT Engineering College-BTech | IIMT Engineering College-BTech | 09/12/2006 | 1 | 06-B-15208 | 07/03/2017 | 07/03/2017 | Text-Book- for 7 days | crptography transfer centerlib | ||||||
| IIMT Engineering College-BTech | IIMT Engineering College-BTech | 09/12/2006 | 1 | 06-B-15209 | 07/03/2017 | 07/03/2017 | Text-Book- for 7 days | crptography transfer centerlib |

